000 00567nam a2200205 a 4500
001 000039026
003 DO-SdBNP
005 20240305094430.0
007 ta
008 130513s1945 ag r 000 0 spa d
040 _aDO-SdBNP
_bspa
_cBNPHU
082 4 _aRD863.44
_bC117ch
_222
100 1 _aCabral, Manuel del,
_d1907-1999
_923556
245 1 0 _aChinchina busca el tiempo /
_cManuel del Cabral.
260 _aBuenos Aires, Argentina :
_bMayo,
_c1945.
300 _a230 p. ;
_c20 cm.
590 _aInventariado, 2022/ YL
910 _aYLockward
942 _2ddc
_cLBS1
999 _c38516
_d38516